Your pathway to qualifying in facilities management (Record no. 106619)

MARC details
000 -LEADER
fixed length control field 01968cam a2200241 4500
001 - CONTROL NUMBER
control field L137047
008 - FIXED-LENGTH DATA ELEMENTS--GENERAL INFORMATION
fixed length control field 110830s2006 xxk f 000 0 eng d
035 ## - SYSTEM CONTROL NUMBER
System control number (Sirsi) u137047
041 0# - LANGUAGE CODE
Language code of text/sound track or separate title eng
050 04 - LIBRARY OF CONGRESS CALL NUMBER
Classification number 658.2 $2 18
110 2# - MAIN ENTRY--CORPORATE NAME
Corporate name or jurisdiction name as entry element Royal Institution of Chartered Surveyors
Subordinate unit Facilities Management Faculty
9 (RLIN) 4295
245 00 - TITLE STATEMENT
Title Your pathway to qualifying in facilities management
Medium [electronic resource]
260 ## - PUBLICATION, DISTRIBUTION, ETC.
Place of publication, distribution, etc. London
Name of publisher, distributor, etc. RICS
Date of publication, distribution, etc. 2006
505 2# - FORMATTED CONTENTS NOTE
Formatted contents note Analysis of client requirements; conflict avoidance, management and dispute resolution procedures; construction technology and environmental services; consultancy services; contract administration; contract practice; corporate real estate management; design and specification; environmental management; fire safety; GIS; health and safety; landlord and tenant (including rent reviews and lease renewals); maintenance management; procurement and tendering; project audit; project financial control and reporting; property management; strategic real estate consultancy; measurement of land and property; sustainability; works progress and quality management.
520 ## - SUMMARY, ETC.
Summary, etc. Provides information on the area with a general overview of the pathways. Lists the competency requirements of the facilities management APC and ATC pathways (as set out in the APC/ATC Requirements and competencies guide July 2006). Describes the main competencies associated with facilities management, providing expanded sector specific guidance on each of them.
590 ## - LOCAL NOTE (RLIN)
Local note KA
651 #4 - SUBJECT ADDED ENTRY--GEOGRAPHIC NAME
Geographic name United Kingdom
Chronological subdivision
690 ## - LOCAL SUBJECT ADDED ENTRY--TOPICAL TERM (OCLC, RLIN)
Topical term or geographic name as entry element CAREERS, EDUCATION AND TRAINING-QUALIFICATION ROUTES
690 ## - LOCAL SUBJECT ADDED ENTRY--TOPICAL TERM (OCLC, RLIN)
Topical term or geographic name as entry element CAREERS, EDUCATION AND TRAINING-CAREERS IN SURVEYING-CAREERS IN FACILITIES MANAGEMENT
690 ## - LOCAL SUBJECT ADDED ENTRY--TOPICAL TERM (OCLC, RLIN)
Topical term or geographic name as entry element CAREERS, EDUCATION AND TRAINING-QUALIFICATION ROUTES-ASSESSMENT OF PROFESSIONAL COMPETENCE
856 40 - ELECTRONIC LOCATION AND ACCESS
Uniform Resource Identifier <a href="https://www.rics.org/site/download_feed.aspx?fileID=161&fileExtension=PDF">https://www.rics.org/site/download_feed.aspx?fileID=161&fileExtension=PDF</a>
Public note View the item free of charge at www.rics.org
942 ## - ADDED ENTRY ELEMENTS (KOHA)
Suppress in OPAC 0
Holdings
Withdrawn status Lost status Source of classification or shelving scheme Damaged status Not for loan Home library Current library Shelving location Date acquired Total Checkouts Full call number Barcode Date last seen Copy number Price effective from Koha item type
    Dewey Decimal Classification     Virtual Virtual Online 12/03/2007   ONLINE PUBLICATION 137047-1001 06/08/2019 1 06/08/2019 Book